Opera omnia

Сохранить в:
Библиографические подробности
Главный автор: Bernardini (Автор)
Формат:
Язык:латинский
Опубликовано: París Ludovico Vives 1877
Редактирование:1a. ed
Предметы:
Метки: Добавить метку
Нет меток, Требуется 1-ая метка записи!

MARC

LEADER 00000cam a2200000 a 4500
001 UCD3534
003 CL-VaPUC
008 160609e18770000fr |||||||||||||||||lat|d
082 0 4 |a 220.66  |b BER  |2 21 
100 0 |a Bernardini  |e author  |9 587047 
245 1 0 |a Opera omnia 
250 |a 1a. ed 
300 |a t 
942 |c BK 
945 |d 20160609 22:21:00  |a dcastane 
260 |a París  |b Ludovico Vives  |c 1877 
650 0 |a Biblia  |9 257603 
650 0 |a Crítica e interpretación   |9 255042 
583 |a last modification  |c 20160609 22:21:00  |k Rodrigo Vera 
999 |c 364570  |d 364568 
952 |0 0  |1 0  |3 erd  |4 0  |6 220_660000000000000_BER_1877  |7 0  |8 X  |9 477974  |a BIBTEO  |b BIBTEO  |c TEO_FFR  |h t.1  |i 5237521  |o 220.66 BER 1877  |p 5237521  |r 2024-01-18  |w 2019-11-24  |y BK_X  |z Catalogado en:20160609  |k OFM 
952 |0 0  |1 0  |3 erd  |4 0  |6 220_660000000000000_BER_1877  |7 0  |8 X  |9 477975  |a BIBTEO  |b BIBTEO  |c TEO_FFR  |h t.2  |i 523753K  |o 220.66 BER 1877  |p 523753K  |r 2024-01-18  |w 2019-11-24  |y BK_X  |z Catalogado en:20160609  |k OFM 
952 |0 0  |1 0  |3 erd  |4 0  |6 220_660000000000000_BER_1877  |7 0  |8 X  |9 477976  |a BIBTEO  |b BIBTEO  |c TEO_FFR  |h t.3  |i 5237548  |o 220.66 BER 1877  |p 5237548  |r 2024-01-18  |w 2019-11-24  |y BK_X  |z Catalogado en:20160609  |k OFM 
952 |0 0  |1 0  |3 erd  |4 0  |6 220_660000000000000_BER_1877  |7 0  |8 X  |9 477977  |a BIBTEO  |b BIBTEO  |c TEO_FFR  |h t.4  |i 5237556  |o 220.66 BER 1877  |p 5237556  |r 2024-01-18  |w 2019-11-24  |y BK_X  |z Catalogado en:20160609  |k OFM 
952 |0 0  |1 0  |3 erd  |4 0  |6 220_660000000000000_BER_1877  |7 0  |8 X  |9 477978  |a BIBTEO  |b BIBTEO  |c TEO_FFR  |h t.5  |i 5237564  |o 220.66 BER 1877  |p 5237564  |r 2024-01-18  |w 2019-11-24  |y BK_X  |z Catalogado en:20160609  |k OFM